Bundesliga Stadien Saison 24/25 - Statistiken

Allgemein
  • Dieses Quiz wurde 324 mal gespielt
  • Das Durchschnittsergebnis liegt bei 12 aus 18
Antwortstatistiken
Verein Stadion Kapazität % Korrekt
FC Bayern München Allianz-Arena 75.024
98%
Borussia Dortmund Signal-Iduna-Park 81.365
95%
1.FC Union Berlin Stadion An der Alten Försterei 22.012
86%
RB Leipzig Red-Bull-Arena 47.069
85%
Eintracht Frankfurt Deutsche-Bank-Park 58.000
83%
SV Werder Bremen Wohninvest Weserstadion 42.100
82%
Bayer 04 Leverkusen BayArena 30.210
80%
VfB Stuttgart MHP-Arena 60.058
70%
Borussia Mönchengladbach Borussia-Park 54.042
68%
FC Augsburg WWK-Arena 30.660
64%
VfL Wolfsburg Volkswagen-Arena 28.736
61%
SC Freiburg Europa-Park-Stadion 34.700
57%
FC St. Pauli Millerntor-Stadion 29.546
54%
1.FSV Mainz 05 Mewa-Arena 33.305
50%
VfL Bochum Vonovia Ruhrstadion 26.000
50%
TSG 1899 Hoffenheim PreZero-Arena 30.150
46%
SV Holstein Kiel Holstein-Stadion 15.034
41%
1.FC Heidenheim Voith-Arena 15.000
32%
Keine übereinstimmenden Quizze gefunden
Verteilung der Resultate
Anzahl Personen mit jedem Resultat
Perzentil nach korrekt beantworteten Fragen
Ihre Resultats-Entwicklung
Sie haben dieses Quiz noch nicht gespielt